| 000 | 00701cam a22002413a 4500 | ||
|---|---|---|---|
| 001 | 21594 | ||
| 003 | PGUSA | ||
| 005 | 20140828083447.0 | ||
| 008 | 070524s2007||||xxu|||||s|||||000 1 eng d | ||
| 040 |
_aPGUSA _beng |
||
| 042 | _adc | ||
| 050 | 4 | _aPZ | |
| 100 | 1 | _aChapman, Allen | |
| 245 | 1 | 0 |
_aFred Fenton on the Crew; Or, The Young Oarsmen of Riverport School _h[electronic resource] / _cAllen Chapman |
| 260 |
_bProject Gutenberg, _c2007 |
||
| 506 | _aPublic domain in the USA. | ||
| 516 | _aElectronic text | ||
| 653 | _aSchools -- Fiction | ||
| 653 | _aRowing -- Juvenile fiction | ||
| 830 | 0 |
_aProject Gutenberg _v21594 |
|
| 856 | 4 | 0 | _uhttp://www.gutenberg.org/ebooks/21594 |
| 942 | _cEB | ||
| 999 |
_c250849 _d250849 |
||